LEADER 00594nam a2200169 i 4500 001 000000238901 003 CaOOAMICUS 005 20150217000000.0 008 150217s1845 it u000 u ita u 013 $a217806 040 $aSeMil$bita 245 10$aVol. 2. 300 $a389 p. 773 0 $aArtaud de Montor, Alexis François$tStoria di Pio 7..$b4. ed. nuovamente riveduta.$dIn Milano : presso Giovanni Resnati, 1844-1845$g2$w()31404 850 $aSeMil 852 $aSeMil$W1$xVenegono$y1$m3D I 150 FA$j189247$B189247$CSeMilBibl$Z2$F200048 $8I 996 $6245$aVol. 2$9(OLS)http://semarc/title/13458 LEADER 01150nas a2200193 i 4500 001 000000001866 003 CaOOAMICUS 005 20180830125435.0 008 180830n it uu u0 0ita r 040 $aSeMil$bita 245 10$aAnnuario dell'Osservatorio di fisica terrestre e Museo Antonio Stoppani del Seminario Arcivescovile di Milano /$cdel Seminario Arcivescovile di Milano. 260 $aVenegono Inferiore (VA) :$bSeminario Arcivescovile di Milano 500 $aConsistenza: Nuova serie : 1. (1978) - 10. (1987). 710 2 $aSeminario arcivescovile di Milano : Osservatorio di Fisica terrestre.$0(OLS)http://semarc/name/1669 710 2 $aSeminario arcivescovile di Milano : Museo "Antonio Stoppani".$0(OLS)http://semarc/name/1668 774 0 $tTitolo mancante.$w()129430 780 00$tAnnuario dell'Osservatorio di Fisica Terrestre, Seminario Arcivescovile di Milano.$w()1867 996 $6245$aAnnuario dell'Osservatorio di fisica terrestre e Museo Antonio Stoppani del Seminario Arcivescovile di Milano$9(OLS)http://semarc/title/3071 996 $6260$aVenegono Inferiore (VA) :$bSeminario Arcivescovile di Milano$9(OLS)http://semarc/publisher/30430